000 00660 a2200181 4500
001 125259
020 _a9780545267748
040 _cEscola Canadense de Niteroi
090 _aLEW
100 _aLewis, Anthony
245 1 0 _aMary Had a Little Lamb
300 _bil.
362 0 _a2010
490 0 _aNursery Rhyme Readers
520 _aBuild phonemic awareness and early reading skills with this beloved classic! This 8-page, beautifully illustrated nursery rhyme reader is just right for little learners. Also includes teacher pages filled with lessons, activities, and an age-perfect reproducible!
650 4 _aKindergarten's Literature
942 _cBK
999 _c125259
_d125259